000 00592nam a2200181Ia 4500
003 SGT
020 _a9780070699670
082 _a621.31042
_bKOT
100 _aKothari,D.P.
245 _aElectric machines
250 _a4th Ed.
260 _bTata McGraw Hill Education Private Limited
_aNew Delhi
_c2010
300 _a924p.
650 _aELECTRICAL ENGINEERING
653 _aMAGNETIC CIRCUITS AND INDUCTION, TRANSFORMERS,PRINCIPLES OF ELECTRO MECHANICAL ENERGY CONVERSION,BASIC CONCEPTS IN ROTATING MACHINES,AC ARMATURE WINDINGS, DC MACHINES
700 _aNagrath,I.J
942 _2ddc
_cBK
_02
999 _c5220
_d5220